| 000 | 01798camaa22004092i 4500 | ||
|---|---|---|---|
| 001 | 4770835 | ||
| 003 | EG-GICUC | ||
| 005 | 20260625145811.0 | ||
| 008 | 861014s1986 gw a jrb 100 0 eng | ||
| 020 |
_a9780387171647 _q(U.S.) |
||
| 040 |
_aDLC _cDLC _dDLC _dEG-GICUC _beng _erda |
||
| 050 | 0 | 0 |
_aQA76.9.D3 _bN38 1985 |
| 082 | 0 | 0 |
_a005.74 _221 _bSo62 |
| 092 | 0 | 4 |
_221 _a005.74 _bSo62 |
| 099 | _a005.74 So62 | ||
| 100 | 1 |
_aSood, A. K. _eAuthor. |
|
| 111 | 2 |
_aNATO Advanced Study Institute on Relational Database Machine Architecture _d(1985 : _cLes Arcs, Savoie, France) |
|
| 245 | 1 | 0 |
_aDatabase machines : _bmodern trends and applications / _cedited by A.K. Sood and A.H. Qureshi. |
| 264 |
_aBerlin ; _aNew York : _bSpringer-Verlag, _cc1986. |
||
| 300 |
_aviii, 570 pages : _billustrations ; _c25 cm. |
||
| 336 |
_atext _btxt _2rdacontent |
||
| 337 |
_aunmediated _bn _2rdamedia |
||
| 338 |
_avolume _bnc _2rdacarrier |
||
| 490 | 1 |
_aNATO ASI series. Series F, Computer and system sciences ; _vvol. 24 |
|
| 500 | _a"Proceedings of the NATO Advanced Study Institute on Relational Database Machine Architecture held at Les Arcs, France, July 14-27, 1985"--T.p. verso. | ||
| 500 | _a"Published in cooperation with NATO Scientific Affairs Division." | ||
| 504 | _aIncludes bibliographies. | ||
| 541 |
_aوزارة الثقافة ؛ _bالقاهرة ؛ _cإهداء ؛ _d2023. |
||
| 650 | 0 |
_aDatabase management _vCongresses. |
|
| 650 | 0 |
_aElectronic digital computers _vCongresses. |
|
| 655 | 7 |
_aConference papers and proceedings. _2lcgft _0https://id.loc.gov/authorities/genreForms/gf2014026068 |
|
| 700 | 1 |
_aSood, A. K. _q(Arun K.) |
|
| 700 | 1 | _aQureshi, A. H. | |
| 830 | 0 |
_aNATO ASI series. _nSeries F, _pComputer and systems sciences ; _vno. 24. |
|
| 905 | _aSamah | ||
| 942 |
_2ddc _cBK _e21 _n0 |
||
| 999 |
_c180624 _d180624 |
||